000 00648nam a2200253Ia 4500
003 OSt
005 20221005131709.0
006 a|||||r|||| 00| 0
007 ta
008 221004b |||||||| |||| 00| 0 eng d
024 _a44275
037 _cTextual
040 _aCRL
_cCRL
_beng
041 _2eng
_aeng
082 _aO157:1:9N3, K2
100 _aHumayun Kabir
245 0 _aStudies in Bengali poetry
260 _c1962
490 _aBhavan's book university; 99
650 _a ENGLISH LITERATURE
650 _aBENGALI LITERATURE
942 _hO157:1:9N3, K2
_cTEXL
_2cc
999 _c1061146
_d1061146